Froggy gets dressed / (Record no. 2681)
[ view plain ]
| 000 -LEADER | |
|---|---|
| fixed length control field | 01010nam a22002897a 4500 |
| 005 - DATE AND TIME OF LATEST TRANSACTION | |
| control field | 20240111152430.0 |
| 020 ## - INTERNATIONAL STANDARD BOOK NUMBER | |
| International Standard Book Number | 0590617303 |
| 040 ## - CATALOGING SOURCE | |
| Original cataloging agency | JQA |
| Transcribing agency | JQA |
| Modifying agency | DLC |
| Language of cataloging | eng |
| 050 00 - LIBRARY OF CONGRESS CALL NUMBER | |
| Classification number | PZ7.L8432 |
| 082 ## - DEWEY DECIMAL CLASSIFICATION NUMBER | |
| Classification number | 813.54 |
| 100 1# - MAIN ENTRY--PERSONAL NAME | |
| Personal name | London, Jonathan |
| Dates associated with a name | 1947- |
| 245 10 - TITLE STATEMENT | |
| Title | Froggy gets dressed / |
| Statement of responsibility, etc. | by London, Jonathan : illustrated by Remkiewicz, Frank |
| 250 ## - EDITION STATEMENT | |
| Edition statement | First Scholastic printing, December 1995 |
| 260 ## - PUBLICATION, DISTRIBUTION, ETC. | |
| Place of publication, distribution, etc. | New York : |
| Name of publisher, distributor, etc. | Scholastic, |
| Date of publication, distribution, etc. | 1992 |
| 300 ## - PHYSICAL DESCRIPTION | |
| Extent | 28 unnumbered pages : |
| Other physical details | color illustrations ; |
| Accompanying material | 21 cm . |
| 505 ## - FORMATTED CONTENTS NOTE | |
| Formatted contents note | F <br/> |
| 520 ## - SUMMARY, ETC. | |
| Summary, etc. | Rambunctious Froggy hops out into the snow for a winter frolic but is called back by his mother to put on some necessary articles of clothing. |
| 521 ## - TARGET AUDIENCE NOTE | |
| Target audience note | 300 <br/> |
| Source | Lexile <br/> |
| 521 ## - TARGET AUDIENCE NOTE | |
| Target audience note | F <br/> |
| Source | Raz-Plus <br/><br/> |
| 650 #1 - SUBJECT ADDED ENTRY--TOPICAL TERM | |
| Topical term or geographic name entry element | Frogs |
| General subdivision | Fiction. |
| 650 #1 - SUBJECT ADDED ENTRY--TOPICAL TERM | |
| Topical term or geographic name entry element | Clothing and dress |
| General subdivision | Fiction. |
| 650 #1 - SUBJECT ADDED ENTRY--TOPICAL TERM | |
| Topical term or geographic name entry element | Snow |
| General subdivision | Fiction. |
| 700 1# - ADDED ENTRY--PERSONAL NAME | |
| Personal name | Remkiewicz, Frank |
| Relator term | illustrator |
| 906 ## - LOCAL DATA ELEMENT F, LDF (RLIN) | |
| a | 0 |
| b | cbc |
| c | copycat |
| d | 3 |
| e | ncip |
| f | 19 |
| g | y-soundrec |
| 942 ## - ADDED ENTRY ELEMENTS (KOHA) | |
| Source of classification or shelving scheme | Dewey Decimal Classification |
| Koha item type | Books |
| Suppress in OPAC | No |
| 999 ## - | |
| -- | 2681 |
| -- | 2681 |
| Withdrawn status | Lost status | Source of classification or shelving scheme | Damaged status | Not for loan | Collection | Home library | Current library | Shelving location | Date acquired | Total Checkouts | Full call number | Barcode | Date last seen | Date last checked out | Price effective from | Koha item type |
|---|---|---|---|---|---|---|---|---|---|---|---|---|---|---|---|---|
| Dewey Decimal Classification | Juvenile Fiction | Footprints International School Library Network Toul Kork Campus | Footprints International School Library Network Toul Kork Campus | 01/09/2024 | 5 | LON 813.54 PZ7.L8432 | FISTK02519 | 02/06/2026 | 01/16/2026 | 01/09/2024 | Books |
